Die gefährliche Strasse: Jugendkonflikte und Stadtteilarbeit
Literaturangaben
| Contributors: | |
|---|---|
| Format: | Print Book |
| Language: | English German |
| Published: |
Bielefeld
Böllert, KT-Verlag
1987
|
| In: | Year: 1987 |
| Online Access: |
Table of Contents |
| Availability in Tübingen: | Present in Tübingen. UB: 27 A 18325 |
| Check availability: | HBZ Gateway |
| Subito Delivery Service: | Order now. |
| Keywords: |
MARC
| LEADER | 00000cam a2200000 c 4500 | ||
|---|---|---|---|
| 001 | 274038714 | ||
| 003 | DE-627 | ||
| 005 | 20260206193922.0 | ||
| 007 | tu | ||
| 008 | 880115s1987 xx ||||| 00| ||eng c | ||
| 015 | |a 87,N18,0111 |2 dnb | ||
| 015 | |a 88,A06,0525 |2 dnb | ||
| 016 | 7 | |a 870587838 |2 DE-101 | |
| 020 | |a 3925515054 |9 3-925515-05-4 | ||
| 035 | |a (DE-627)274038714 | ||
| 035 | |a (DE-603)005831423 | ||
| 035 | |a (DE-576)013569708 | ||
| 035 | |a (DE-599)GBV274038714 | ||
| 035 | |a (OCoLC)242211346 | ||
| 035 | |a (OCoLC)21437260 | ||
| 035 | |a (OCoLC)242211346 | ||
| 040 | |a DE-627 |b ger |c DE-627 |e rakwb | ||
| 041 | |a eng |a ger | ||
| 084 | |a S 626 |2 sfb | ||
| 084 | |a SOP 1750 |2 sfb | ||
| 084 | |a 14 |2 sdnb | ||
| 084 | |a MS 2430 |2 rvk |0 (DE-625)rvk/123638: | ||
| 084 | |a MS 2300 |2 rvk |0 (DE-625)rvk/123635: | ||
| 084 | |a DS 7140 |2 rvk |0 (DE-625)rvk/19959: | ||
| 084 | |a MS 2400 |2 rvk |0 (DE-625)rvk/123637: | ||
| 084 | |a DS 7140 |2 rvk |0 (DE-625)rvk/19959: | ||
| 084 | |a MS 2300 |2 rvk |0 (DE-625)rvk/123635: | ||
| 084 | |a MS 2400 |2 rvk |0 (DE-625)rvk/123637: | ||
| 084 | |a MS 2430 |2 rvk |0 (DE-625)rvk/123638: | ||
| 084 | |a ZX 7209 |2 rvk |0 (DE-625)rvk/158456:14256 | ||
| 245 | 0 | 4 | |a Die gefährliche Strasse |b Jugendkonflikte und Stadtteilarbeit |c Walter Specht (Hg.) |
| 264 | 1 | |a Bielefeld |b Böllert, KT-Verlag |c 1987 | |
| 300 | |a 280 S. | ||
| 336 | |a Text |b txt |2 rdacontent | ||
| 337 | |a ohne Hilfsmittel zu benutzen |b n |2 rdamedia | ||
| 338 | |a Band |b nc |2 rdacarrier | ||
| 490 | 0 | |a Kritische Texte | |
| 500 | |a Literaturangaben | ||
| 520 | |a Literaturangaben | ||
| 583 | 1 | |a Archivierung/Langzeitarchivierung gewährleistet |f SSG |x XA-DE-BW |2 pdager |5 DE-21 | |
| 650 | 0 | 7 | |0 (DE-588)4194233-4 |0 (DE-627)105221074 |0 (DE-576)210092645 |a Streetwork |2 gnd |
| 655 | 7 | |a Konferenzschrift |y 1984 |z Tübingen |0 (DE-588)1071861417 |0 (DE-627)826484824 |0 (DE-576)433375485 |2 gnd-content | |
| 689 | 0 | 0 | |d s |0 (DE-588)4194233-4 |0 (DE-627)105221074 |0 (DE-576)210092645 |a Streetwork |2 gnd |
| 689 | 0 | |5 (DE-627) | |
| 700 | 1 | |a Specht, Walther |d 1938-2021 |e Hrsg. |0 (DE-588)142899089 |0 (DE-627)704337495 |0 (DE-576)333968689 |4 edt | |
| 856 | 4 | 2 | |u http://d-nb.info/870587838/04 |m B:DE-101 |q application/pdf |3 Inhaltsverzeichnis |7 1 |
| 935 | |a mkri | ||
| 935 | |i Blocktest | ||
| 936 | r | v | |a MS 2430 |b Jugendhilfe |k Soziologie |k Spezielle Soziologien |k Jugendsoziologie |k Jugendhilfe |0 (DE-627)1271441004 |0 (DE-625)rvk/123638: |0 (DE-576)201441004 |
| 936 | r | v | |a MS 2300 |b Jugend und Politik |k Soziologie |k Spezielle Soziologien |k Jugendsoziologie |k Jugend und Politik |0 (DE-627)127072276X |0 (DE-625)rvk/123635: |0 (DE-576)20072276X |
| 936 | r | v | |a DS 7140 |b Prävention in der Jugendhilfe (Jugendarbeit, Jugendpflege, Freizeitbetreuung, -beratung) |k Pädagogik |k Sozialpädagogik, Sozialarbeit |k Berufsfelder |k Jugendhilfe |k Prävention in der Jugendhilfe (Jugendarbeit, Jugendpflege, Freizeitbetreuung, -beratung) |0 (DE-627)1270705717 |0 (DE-625)rvk/19959: |0 (DE-576)200705717 |
| 936 | r | v | |a MS 2400 |b Jugendkriminalität und -verwahrlosung |k Soziologie |k Spezielle Soziologien |k Jugendsoziologie |k Jugendkriminalität und -verwahrlosung |0 (DE-627)1271440997 |0 (DE-625)rvk/123637: |0 (DE-576)201440997 |
| 936 | r | v | |a DS 7140 |b Prävention in der Jugendhilfe (Jugendarbeit, Jugendpflege, Freizeitbetreuung, -beratung) |k Pädagogik |k Sozialpädagogik, Sozialarbeit |k Berufsfelder |k Jugendhilfe |k Prävention in der Jugendhilfe (Jugendarbeit, Jugendpflege, Freizeitbetreuung, -beratung) |0 (DE-627)1270705717 |0 (DE-625)rvk/19959: |0 (DE-576)200705717 |
| 936 | r | v | |a MS 2300 |b Jugend und Politik |k Soziologie |k Spezielle Soziologien |k Jugendsoziologie |k Jugend und Politik |0 (DE-627)127072276X |0 (DE-625)rvk/123635: |0 (DE-576)20072276X |
| 936 | r | v | |a MS 2400 |b Jugendkriminalität und -verwahrlosung |k Soziologie |k Spezielle Soziologien |k Jugendsoziologie |k Jugendkriminalität und -verwahrlosung |0 (DE-627)1271440997 |0 (DE-625)rvk/123637: |0 (DE-576)201440997 |
| 936 | r | v | |a MS 2430 |b Jugendhilfe |k Soziologie |k Spezielle Soziologien |k Jugendsoziologie |k Jugendhilfe |0 (DE-627)1271441004 |0 (DE-625)rvk/123638: |0 (DE-576)201441004 |
| 936 | r | v | |a ZX 7209 |b Sonstiges |k Sport |k Sportwissenschaft |k Sportpädagogik |k Allgemeines |k Sonstiges |0 (DE-627)1271722615 |0 (DE-625)rvk/158456:14256 |0 (DE-576)201722615 |
| 936 | s | n | |a m200 |2 mzub |
| 936 | s | n | |a d100 |2 mzub |
| 936 | s | n | |a z300 |2 mzub |
| 951 | |a BO | ||
| ELC | |b 1 | ||
| LOK | |0 000 xxxxxcx a22 zn 4500 | ||
| LOK | |0 001 3280780225 | ||
| LOK | |0 003 DE-627 | ||
| LOK | |0 004 274038714 | ||
| LOK | |0 005 20020518000000 | ||
| LOK | |0 008 880628||||||||||||||||ger||||||| | ||
| LOK | |0 040 |a DE-21 |c DE-627 |d DE-21 | ||
| LOK | |0 852 |a DE-21 | ||
| LOK | |0 852 1 |c 27 A 18325 |9 00 | ||
| LOK | |0 939 |a 28-06-88 |b l01 | ||
| LOK | |0 000 xxxxxcx a22 zn 4500 | ||
| LOK | |0 001 328078025X | ||
| LOK | |0 003 DE-627 | ||
| LOK | |0 004 274038714 | ||
| LOK | |0 005 20190626131355 | ||
| LOK | |0 008 050716||||||||||||||||ger||||||| | ||
| LOK | |0 040 |a DE-21-43 |c DE-627 |d DE-21-43 | ||
| LOK | |0 541 |e 87/363 | ||
| LOK | |0 852 |a DE-21-43 | ||
| LOK | |0 852 1 |c Ha 361 |m p |9 00 | ||
| LOK | |0 866 |x nicht für UBi, VerfasserIn war damals noch nicht am IfE; laut Literaturlisten Honorarprof. Walther Specht, jedoch Vorlage Walter | ||
| LOK | |0 935 |a k043 |a ifea | ||
| LOK | |0 938 |a 7912 | ||
| LOK | |0 938 |k p | ||
| LOK | |0 939 |a 16-07-05 |b l01 | ||
| LOK | |0 000 xxxxxcx a22 zn 4500 | ||
| LOK | |0 001 3280780268 | ||
| LOK | |0 003 DE-627 | ||
| LOK | |0 004 274038714 | ||
| LOK | |0 005 20250401104228 | ||
| LOK | |0 008 050309||||||||||||||||ger||||||| | ||
| LOK | |0 040 |a DE-21-52 |c DE-627 |d DE-21-52 | ||
| LOK | |0 541 |e 01/682 | ||
| LOK | |0 689 |a s |0 131094802X |a Streetwork | ||
| LOK | |0 852 |a DE-21-52 | ||
| LOK | |0 852 1 |c Ak 499-10 |m p |9 00 | ||
| LOK | |0 866 |x Bibliothek Utz Jeggle | ||
| LOK | |0 935 |a k052 |a nach | ||
| LOK | |0 938 |k p | ||
| LOK | |0 939 |a 09-03-05 |b l01 | ||
| LOK | |0 000 xxxxxcx a22 zn 4500 | ||
| LOK | |0 001 3280780772 | ||
| LOK | |0 003 DE-627 | ||
| LOK | |0 004 274038714 | ||
| LOK | |0 005 20080620135714 | ||
| LOK | |0 008 080620||||||||||||||||ger||||||| | ||
| LOK | |0 040 |a DE-Frei85 |c DE-627 |d DE-Frei85 | ||
| LOK | |0 852 |a DE-Frei85 | ||
| LOK | |0 852 1 |m p |9 00 | ||
| LOK | |0 938 |k p | ||
| LOK | |0 939 |a 20-06-08 |b l01 | ||
| ORI | |a SA-MARC-krimdoka001.raw | ||
| SIG | |a UB: 27 A 18325 | ||
| TIM | |a 100019840101_100019841231 |b 1984 - 1984 | ||
